Children's perception of God among the seven-to-twelve year olds who are joining Gideon troop and/or junior choir of Grace Christian Church / (Record no. 19942)
[ view plain ]
| 000 -LEADER | |
|---|---|
| fixed length control field | 00780nam a2200193 4500 |
| 008 - FIXED-LENGTH DATA ELEMENTS--GENERAL INFORMATION | |
| fixed length control field | 040422s1998 the eng |
| 090 ## - LOCALLY ASSIGNED LC-TYPE CALL NUMBER (OCLC); LOCAL CALL NUMBER (OCLC) | |
| Classification number (OCLC) (R) ; Classification number, CALL (RLIN) (NR) | BT107 |
| Local cutter number (OCLC) ; Book number/undivided call number, CALL (RLIN) | L62c |
| 100 1# - MAIN ENTRY--PERSONAL NAME | |
| Personal name | Lim, Emylyn Jean |
| 245 10 - TITLE STATEMENT | |
| Title | Children's perception of God among the seven-to-twelve year olds who are joining Gideon troop and/or junior choir of Grace Christian Church / |
| Statement of responsibility, etc | Emylyn Jean Lim. |
| 260 ## - PUBLICATION, DISTRIBUTION, ETC. (IMPRINT) | |
| Place of publication, distribution, etc | Valenzuela : |
| Name of publisher, distributor, etc | BSOP, |
| Date of publication, distribution, etc | c1998. |
| 300 ## - PHYSICAL DESCRIPTION | |
| Extent | 37 p. |
| 500 ## - GENERAL NOTE | |
| General note | Paper (M.Div. Christian studies)--Biblical Seminary of the Philippines, 1998 |
| 650 #4 - SUBJECT ADDED ENTRY--TOPICAL TERM | |
| Topical term or geographic name as entry element | Children |
| General subdivision | Religious life. |
| 650 #4 - SUBJECT ADDED ENTRY--TOPICAL TERM | |
| Topical term or geographic name as entry element | Christian education of children. |
| 650 #4 - SUBJECT ADDED ENTRY--TOPICAL TERM | |
| Topical term or geographic name as entry element | Gideon Troop. |
| 650 #4 - SUBJECT ADDED ENTRY--TOPICAL TERM | |
| Topical term or geographic name as entry element | God |
| General subdivision | Juvenile works. |
| 650 #4 - SUBJECT ADDED ENTRY--TOPICAL TERM | |
| Topical term or geographic name as entry element | Grace Christian Church. |
| 951 ## - EQUIVALENCE OR CROSS-REFERENCE-GEOGRAPHIC NAME/AREA NAME [OBSOLETE] [CAN/MARC only] | |
| General subdivision | 00028616 |
| 951 ## - EQUIVALENCE OR CROSS-REFERENCE-GEOGRAPHIC NAME/AREA NAME [OBSOLETE] [CAN/MARC only] | |
| -- | 26917 |
| -- | BT107/L62c |
| -- | 070613111354593 |
| -- | 2000-12-21 |
| -- | THE |
| Withdrawn status | Lost status | Damaged status | Not for loan | Home library | Current library | Shelving location | Date acquired | Accession number | Shelving control number | Total Checkouts | Full call number | Barcode | Date last seen | Price effective from | Koha item type |
|---|---|---|---|---|---|---|---|---|---|---|---|---|---|---|---|
| BSOP Library | BSOP Library | Thesis | 12/21/2000 | 26917 | 127 | BT107/L62c | 00028616 | 02/23/2013 | 02/23/2013 | Books |
